Applied mathematics: an introduction; (Record no. 12178)
[ view plain ]
| 000 -LEADER | |
|---|---|
| fixed length control field | 00951cam a2200289 4500 |
| 001 - CONTROL NUMBER | |
| control field | 773218 |
| 005 - DATE AND TIME OF LATEST TRANSACTION | |
| control field | 20240818092926.0 |
| 008 - FIXED-LENGTH DATA ELEMENTS--GENERAL INFORMATION | |
| fixed length control field | 710628s1971 ilua b 001 0 eng |
| 010 ## - | |
| -- | 72135765 |
| 040 ## - CATALOGING SOURCE | |
| Original cataloging agency | DLC |
| Transcribing agency | DLC |
| Modifying agency | DLC |
| 050 00 - LIBRARY OF CONGRESS CALL NUMBER | |
| Classification number | QA37 |
| Item number | .T36 1971 |
| 082 00 - DEWEY DECIMAL CLASSIFICATION NUMBER | |
| Classification number | 510 |
| Edition number | 20 |
| Item number | ATH |
| 100 1# - MAIN ENTRY--PERSONAL NAME | |
| Personal name | Theodore, Chris Athanasios. |
| 9 (RLIN) | 7479 |
| 245 10 - TITLE STATEMENT | |
| Title | Applied mathematics: an introduction; |
| Remainder of title | mathematical analysis for management |
| Statement of responsibility, etc | [by] Chris A. Theodore. |
| 250 ## - EDITION STATEMENT | |
| Edition statement | Rev. ed. |
| 260 ## - | |
| -- | Homewood, Ill., |
| -- | R. D. Irwin, |
| -- | 1971. |
| 300 ## - PHYSICAL DESCRIPTION | |
| Extent | xiii, 722 p. |
| Other physical details | illus. |
| Dimensions | 24 cm. |
| 336 ## - CONTENT TYPE | |
| Source | rdacontent |
| Content type term | text |
| Content type code | txt |
| 337 ## - MEDIA TYPE | |
| Media type term | unmediated |
| Source | rdamedia |
| Media type code | n |
| 338 ## - CARRIER TYPE | |
| Carrier type term | volume |
| Carrier type code | nc |
| Source | rdacarrier |
| 490 0# - SERIES STATEMENT | |
| Series statement | Irwin series in quantitative analysis for business |
| 500 ## - GENERAL NOTE | |
| General note | Including Index. |
| 504 ## - BIBLIOGRAPHY, ETC. NOTE | |
| Bibliography, etc | Bibliography: p. [643]-649. |
| 650 #0 - SUBJECT ADDED ENTRY--TOPICAL TERM | |
| Topical term or geographic name as entry element | Mathematics. |
| 9 (RLIN) | 7480 |
| 650 #0 - SUBJECT ADDED ENTRY--TOPICAL TERM | |
| Topical term or geographic name as entry element | Economics, Mathematical. |
| 9 (RLIN) | 7481 |
| 942 ## - ADDED ENTRY ELEMENTS (KOHA) | |
| Source of classification or shelving scheme | Dewey Decimal Classification |
| Koha item type | Book - Borrowing |
| Classification part | RDA-MOD |
| Withdrawn status | Lost status | Source of classification or shelving scheme | Damaged status | Not for loan | Collection code | Home library | Current library | Shelving location | Date acquired | Source of acquisition | Cost, normal purchase price | Total Checkouts | Full call number | Barcode | Date last seen | Price effective from | Koha item type |
|---|---|---|---|---|---|---|---|---|---|---|---|---|---|---|---|---|---|
| Dewey Decimal Classification | Alef-Baa | Central Library | Central Library | First floor | 05/07/2009 | 150.00 | 510 ATH | 000016725 | 15/07/2025 | 05/07/2009 | Book - Borrowing |